000 004720000a22001930004500
999 _c47334
_d47334
001 76
003 CO-MdFUSB
005 20170922181357.0
008 170914b xxu||||| |||| 00| 0 eng d
020 _a0-7899-1273-3
040 _cCO-MdBIC
082 0 4 _a868HC N998j
100 1 _aNystrom, Carolyn
245 1 0 _aQuien es Jesús / Carolyn Nystrom, il. ; Eira Reeves
260 _aMiami : Unilit
300 _a[ 32 P. ]
650 1 4 _aLiteratura Infantil
942 _cLGB